000 01288nam a2200241Ii 4500
003 JO-AjNU
005 20240625124514.0
008 230605s9999||||xx |||||||||||||| ||und||
040 _aJO-AjNU
_bara
_erda
_cJO-AjNU
041 _aara
050 1 4 _aHD30.23 2022
100 1 _aالصمادي، ريم احمد ابراهيم
_eمعد
_965648
245 0 0 _aأثر الإشاعات غلى جودة القرارات الإدارية في القطاع السياحي الأردني ،المركز الوطني للامن وإدارة الأزمات:متغير معدلThe Impact of Rumors on Quality of Administratrative Decisions in jordananian Tourism sector, National Management:as a Moderate /
_cاعداد ريم احمد ابراهيم الصمادي؛ اشراف بلال احمد مثاني
264 3 1 _a2022
300 _a104 ورقة
336 _atext
_btxt
_2rdacontent
337 _aunmediated
_bn
_2rdamedia
338 _avolume
_bnc
_2rdacarrier
500 _aرسالة جامعية(اطروحة ماجستير) جامعة عجلون الوطنية، كلية ادارة الاعمال، تخصص ادارة الاعمال، 2022
650 4 _aالقرارات الاداارية
_963276
700 1 _aمثاني، بلال احمد
_964870
_eمشرف
942 _2lcc
_cTHS
999 _c32260
_d32260